Selected infrared spectral data.

Bibliographic Details
New Title:TRC spectral data. Infrared
Previous Title:American Petroleum Institute. Research Project 44. Infrared spectral data
Corporate Author: Texas Engineering Experiment Station. Thermodynamics Research Center. Data Project
Format: Serial
Language:English
Published: College Station : Texas A & M University.
Subjects:

MARC

Tag First Indicator Second Indicator Subfields
LEADER 00000cas a2200000 4500
001 in00000072831
005 20151217150504.0
008 751101d19671984txuuu 0uuua0eng u
035 |a (OCoLC)01775432 
035 |9 AAJ1253AM 
040 |c MUL  |d TXA  |d UtOrBLW 
049 |a [Ref] TXAE 
090 |a QC463.H9  |b T45 
110 2 |a Texas Engineering Experiment Station.  |b Thermodynamics Research Center.  |b Data Project. 
245 1 0 |a Selected infrared spectral data. 
264 1 |a College Station :  |b Texas A & M University. 
336 |a text  |b txt  |2 rdacontent 
337 |a unmediated  |b n  |2 rdamedia 
338 |a volume  |b nc  |2 rdacarrier 
650 0 |a Hydrocarbons  |x Spectra. 
650 0 |a Infrared spectra. 
650 0 |a Infrared spectroscopy. 
780 0 0 |a American Petroleum Institute. Research Project 44.  |t Infrared spectral data 
785 0 0 |t TRC spectral data. Infrared 
999 |a MARS 
999 f f |s ed9b18d1-9052-3e16-97ac-3cc8a40ed1d0  |i bb8fe926-049b-37e4-bc01-fe7bb281c4f4  |t 0 
952 f f |p normal  |a Texas A&M University  |b College Station  |c Sterling C. Evans Library  |d Evans: Library Stacks  |t 0  |e QC463.H9 T45  |h Library of Congress classification  |i unmediated -- volume  |k v.4  |m A14814128281 
952 f f |p normal  |a Texas A&M University  |b College Station  |c Sterling C. Evans Library  |d Evans: Library Stacks  |t 0  |e QC463.H9 T45  |h Library of Congress classification  |i unmediated -- volume  |k v.3  |m A14814128485 
952 f f |p normal  |a Texas A&M University  |b College Station  |c Sterling C. Evans Library  |d Evans: Library Stacks  |t 0  |e QC463.H9 T45  |h Library of Congress classification  |i unmediated -- volume  |k v.2  |m A14814128338 
952 f f |p normal  |a Texas A&M University  |b College Station  |c Sterling C. Evans Library  |d Evans: Library Stacks  |t 0  |e QC463.H9 T45  |h Library of Congress classification  |i unmediated -- volume  |k v.1  |m A14814128435 
998 f f |a QC463.H9 T45  |s v.1-v.4  |t 0  |l Evans: Library Stacks